000
00261nam a22001097a 4500
020
_a
9781338185546
100
_a
Kent Clark
245
_a
Peter Powers and His Not-So- Super Powers
260
_a
New York
_b
Scholastic
_c
2016
300
_a
117 pgs
942
_c
BK
999
_c
260722
_d
260721